Leadership in the Indian Army : Biographies of Twelve Soldiers (Record no. 43179)

MARC details
000 -LEADER
fixed length control field 00467nam a22001697a 4500
005 - DATE AND TIME OF LATEST TRANSACTION
control field 20241230003529.0
008 - FIXED-LENGTH DATA ELEMENTS--GENERAL INFORMATION
fixed length control field 241230b |||||||| |||| 00| 0 eng d
020 ## - INTERNATIONAL STANDARD BOOK NUMBER
International Standard Book Number 9780143462439
041 ## - LANGUAGE CODE
Language code of text/sound track or separate title Eng
082 ## - DEWEY DECIMAL CLASSIFICATION NUMBER
Classification number 658.4092 SIN
100 ## - MAIN ENTRY--PERSONAL NAME
Author Singh, V. K.
245 ## - TITLE STATEMENT
Title Leadership in the Indian Army : Biographies of Twelve Soldiers
260 ## - PUBLICATION, DISTRIBUTION, ETC.
Place Haryana
Publisher Penguin
Publication Year 2023
300 ## - PHYSICAL DESCRIPTION
Extent 471;, P.
650 ## - SUBJECT ADDED ENTRY--TOPICAL TERM
Subject Leadership; India. Army Officers-Biography
942 ## - ADDED ENTRY ELEMENTS (KOHA)
Koha item type Books
Holdings
Withdrawn status Lost status Source of classification or shelving scheme Damaged status Not for loan Home library Current library Shelving location Accession Date Vendor Price Bill number Total Checkouts Full call number Barcode No Date last seen Date last checked out Bill Date Koha item type
    Dewey Decimal Classification     IMTN IMTN Rack 29-B 12/30/2024 Raghav Books Private Limited 599.00 1861 2 658.4092 SIN 33582 07/12/2025 07/02/2025 12/14/2024 Books
Designed & Maintained by: LRC IMT Nagpur Contact: lrc@imtnag.ac.in© 2024. All Rights Reserved.